000 00932cam a2200181 4500
001 ##L135536
008 061106n 000 0 eng u
035 _a(Sirsi) u135536
041 0 _aeng
110 2 _aConstructionSkills
_95077
245 0 0 _aNational Skills Academy for Construction
520 _aProvides information about the purpose, scope and benefits of the National Skills Academy for Construction. The Academy's main focus is to establish project-based training centres on all major construction projects and to set up regional partnerships in the nine English regions and the devolved administrations of Scotland, Wales and Northern Ireland.
590 _aIKA141106
651 4 _aUnited Kingdom
_y
690 _aCAREERS, EDUCATION AND TRAINING
856 4 0 _uhttps://www.constructionskills.net/strategicinitiatives/nationalskillsacademy
_zView the website free of charge at www.constructionskills.net...
942 _n0
999 _c106091
_d106091